| 000 | 00852nam a2200229 a 4500 | ||
|---|---|---|---|
| 001 | 47357 | ||
| 003 | BD-RjUL | ||
| 005 | 20211209054311.0 | ||
| 008 | 160808s1984 ii ||||| |||| 00| 0 ben d | ||
| 020 | _c: Tk. 40.00 | ||
| 035 | _a(BD-RjUL)47476 | ||
| 040 |
_aBD-RjUL _bben _cBD-RjUL |
||
| 041 | _aben | ||
| 082 |
_223 _a891.44092 _bSET 1984 |
||
| 100 | 1 |
_aসেনগুপ্ত, সুবোধচন্দ্র _9144097 |
|
| 245 | 1 | 0 |
_aতে হি নো দিবসা / _cসুবোধচন্দ্র সেনগুপ্ত |
| 260 |
_aকলিকাতা _bসাহিত্য সংসদ, _c১৯৮৪ |
||
| 300 |
_a[১২], ৩৫০ পৃ. ; _c২১ সেমি. |
||
| 600 |
_aসেনগুপ্ত, সুবোধচন্দ্র _9144103 |
||
| 650 |
_aAuthor, Bengali _vBiography _9136422 |
||
| 942 |
_2ddc _cBK |
||
| 999 |
_c47357 _d47357 |
||